000 00779nam a2200229 i 4500
001 35624
003 ES-MaACL
007 t|
008 030213s1976 xxu ||||1| eng d
020 _a0-8162-1104-3
100 1 _aBox, George E. P.
_931159
245 1 0 _aTime series analysis
_b: forecasting and control /
_cGeorge E.P. Box and Gwilym M. Jenkins.
250 _aEd. rev.
260 _aOakland (California) :
_bHolden-Day,
_c[1976]
300 _aXXI, 575 p. ;
_c24 cm.
490 1 _aHolden-Day series in time series analysis and digital processing
500 _aIndice.
700 1 _aJenkins, Gwilym M.
_966297
830 0 _aHolden-Day series in time series analysis and digital processing
_9229544
852 _aES-MaACL
_jG-15447
_bR.115080
999 _c35624
_d35624